Kluby w Bundeslidze w sezonie 2024/25 - Statystyki

Ogólne statystyki
  • Ten quiz został rozwiązany 496 razy
  • Średni wynik to 11 z 18
Statystyki odpowiedzi
Klub % Poprawnych
Bayer Leverkusen
99%
Bayern Monachium
98%
Borussia Dortmund
95%
Borussia Mönchengladbach
92%
VfL Wolfsburg
69%
Eintracht Frankfurt
64%
RB Lipsk
64%
Union Berlin
58%
VfB Stuttgart
55%
Werder Brema
54%
1. FSV Mainz 05
51%
FC Augsburg
49%
TSG Hoffenheim
45%
VfL Bochum
45%
SC Freiburg
43%
FC St. Pauli
41%
Holstein Kiel
41%
FC Heidenheim
35%
Nie znaleziono quizów pasujących do podanych kryteriów
Rozkład punktacji
Procent ludzi z każdym wynikiem
Percentyl według liczby udzielonych odpowiedzi
Twoja historia wyników
Nie rozwiązałeś tego quizu